MARC

LEADER 00000nam0a2200000 4500
001 365350
005 20231102011757.0
035 |a (RuTPU)RU\TPU\retro\22713 
090 |a 365350 
100 |a 20211224d1981 m y0rusy50 ca 
101 0 |a rus 
102 |a KZ 
105 |a a z 001zy 
200 1 |a Самое удивительное ископаемое  |f И. А. Филипповский 
210 |a Алма-Ата  |c Казахстан  |d 1981 
215 |a 112 с.  |c ил. 
320 |a Библиогр.: с. 111 
606 1 |a Водные ресурсы  |2 stltpush  |3 (RuTPU)RU\TPU\subj\72450  |9 85961 
610 1 |a вода 
610 1 |a происхождение 
610 1 |a количество 
610 1 |a Казахстан 
610 1 |a химическое соединение 
610 1 |a состояния 
610 1 |a жизненные процессы 
610 1 |a питьевая вода 
610 1 |a осветление 
610 1 |a обеззараживание 
610 1 |a пресная вода 
675 |a 556.18  |v 4 
700 1 |a Филипповский  |b И. А.  |g Игорь Алексеевич 
801 1 |a RU  |b 63413507  |c 20211224 
942 |c BK